[Event "Israel Team Ch Under 18"]
[Site "Jerusalem"]
[Date "2017.08.13"]
[Round "1"]
[White "Erenberg, Ariel"]
[Black "Sokolovsky, Yahli"]
[Result "0-1"]
[WhiteElo "2386"]
[BlackElo "1866"]
[Annotator "TA"]
[PlyCount "56"]
[EventDate "2017.??.??"]
[EventType "swiss"]
[EventCountry "ISR"]
[SourceTitle "playchess.com"]
[Source "ChessBase"]
[SourceQuality "1"]

{[%evp 13,56,20,41,-41,58,0,0,0,3,-11,16,-14,-16,-25,-24,-14,-22,-22,-11,-35,-46,-60,9,-54,-45,-130,-128,-113,-122,-147,-140,-156,-149,-193,-172,-179,-54,-82,0,-27,-38,-90,-105,-131,0]} 1. d4 d5 2. Nc3 Nf6 3. Bf4 Bf5 4. f3 e6 5. g4 Bg6 6. h4 {D00: 1 d4 d5: Unusual lines} h5 7. g5 Nfd7 {LiveBook: 28 Games} 8. a3 $146 (8. e3 $14) ({Predecessor:} 8. e3 a6 9. Bd3 Bxd3 10. cxd3 Nc6 11. g6 fxg6 {0-1 (80) Jobava,B (2699)-Nakamura,H (2799) Khanty-Mansiysk 2015}) 8... Bd6 (8... c5 $1 $15) 9. Nh3 (9. Bxd6 $14 cxd6 10. e3) 9... Nb6 $11 10. e3 O-O 11. Qd2 c5 12. O-O-O (12. Nb5 $5 {[%cal Rf4d6]} Bxf4 13. Nxf4 $11) 12... cxd4 13. exd4 Nc6 {[%cal Bb8c6,Bc6e7,Be7g6][%mdl 32]} 14. Bxd6 Qxd6 15. Nf4 Ne7 16. Nxg6 (16. Qh2 $5 {[%cal Rf4g6]} Rfd8 17. Nxg6 Nxg6 18. Qxd6 Rxd6 19. Re1 $11) 16... Nxg6 17. Bd3 Rac8 ({Black should play} 17... Nf4 $15) 18. Ne2 (18. Nb5 $11 Qb8 19. Bxg6 fxg6 20. Qh2) 18... Nc4 19. Bxc4 (19. Qe1 $15) 19... Rxc4 $17 ({But not} 19... dxc4 $6 20. d5 $11) 20. Kb1 b5 {[%cal Bb7b5,Bb5b4][%mdl 32]} 21. Nc1 b4 $1 {[%cal Rb4a3]} 22. b3 Rc3 23. Nd3 Rfc8 24. Nc5 {[#]} Rxf3 (24... a5 $1 $19 {Hoping for ...e5.} 25. axb4 axb4) 25. axb4 $15 Rb8 (25... Qf4 $17) 26. Qe2 $11 Qf4 27. Qa6 (27. Rdf1 $15 Nxh4 {[#]} 28. g6 $1 {[%mdl 512]} fxg6 29. Rc1) 27... Rxb4 $17 28. Nd3 Qxd4 {[%mdl 32768] Precision: White = 33%, Black = 53%. . Loss on Time!?} (28... Qe4 $17 29. Rde1 Qf5 30. Nxb4 Rxb3+ 31. Ka1 Rxb4) 0-1

[Event "Israel Team Ch Under 18"]
[Site "Jerusalem"]
[Date "2017.08.13"]
[Round "1"]
[White "Drori, Saar"]
[Black "Emanuel, Yahav"]
[Result "1-0"]
[WhiteElo "2354"]
[BlackElo "2146"]
[Annotator "TA"]
[PlyCount "34"]
[EventDate "2017.??.??"]
[EventType "swiss"]
[EventCountry "ISR"]
[SourceTitle "playchess.com"]
[Source "ChessBase"]
[SourceQuality "1"]

{[%evp 17,18,16,20]} 1. e4 e5 2. Nf3 Nc6 3. Bc4 Nf6 4. d3 Be7 5. O-O O-O 6. Re1 d6 7. a4 Be6 8. Nbd2 Qd7 9. a5 a6 {[%mdl 32768] Loss on Time!?} {Predecessor:} 10. c3 $146 Rfe8 11. h3 Bf8 12. Ng5 Bxc4 13. dxc4 Ne7 14. Nf1 Ng6 15. Ng3 c6 16. Qa4 h6 17. Nf3 Qe6 {½-½ (72) Hernandez Guerrero,G (2519)-Mastrovasilis,D (2608) Tromsoe 2014} 1-0

[Event "Israel Team Ch Under 18"]
[Site "Jerusalem"]
[Date "2017.08.13"]
[Round "1"]
[White "Globus, Or"]
[Black "Hayohamo, Raz"]
[Result "1/2-1/2"]
[WhiteElo "2259"]
[BlackElo "1872"]
[Annotator "TA"]
[PlyCount "29"]
[EventDate "2017.??.??"]
[EventType "swiss"]
[EventCountry "ISR"]
[SourceTitle "playchess.com"]
[Source "ChessBase"]
[SourceQuality "1"]

{[%evp 24,29,46,45,60,9,60,23]} 1. e4 c5 2. Nf3 e6 3. d4 cxd4 4. Nxd4 Nf6 5. Nc3 Nc6 6. Ndb5 Bb4 7. a3 Bxc3+ 8. Nxc3 d5 9. exd5 exd5 10. Bd3 d4 11. Ne4 {B45: Sicilian Four Knights} (11. Ne2 Bf5 12. O-O Bxd3 13. Qxd3 O-O 14. Bg5 h6 15. Bh4 g5 16. Bg3 Qd5 17. b4 b5 18. c3 dxc3 19. Qxc3 Ne4 20. Qc2 Rac8 21. Rfd1 Qf5 22. Qb2 {½-½ (65) Akopian,V (2682)-Ter Sahakyan,S (2572) Yerevan 2014}) 11... Nxe4 12. Bxe4 O-O 13. O-O {LiveBook: 7 Games} Qf6 14. Re1 $146 ({White should try} 14. Qd3 $14) ({Find the theoretical novelty and annotate with similar games:} 14. b4 Bf5 15. Bxf5 Qxf5 16. Bb2 Rfd8 17. Qd3 Qxd3 18. cxd3 Ne5 19. Rad1 Rd5 20. Rfe1 {0-1 (51) Tifferet,S (2220)-Svidersky,N (1979) Khanty-Mansiysk 2016}) 14... Bd7 (14... Bf5 $11) 15. Bd2 1/2-1/2

[Event "Israel Team Ch Under 18"]
[Site "Jerusalem"]
[Date "2017.08.13"]
[Round "1"]
[White "Gorshtein, Ido"]
[Black "Shetah, Roi"]
[Result "0-1"]
[WhiteElo "2148"]
[BlackElo "1647"]
[Annotator "TA"]
[PlyCount "68"]
[EventDate "2017.??.??"]
[EventType "swiss"]
[EventCountry "ISR"]
[SourceTitle "playchess.com"]
[Source "ChessBase"]
[SourceQuality "1"]

{[%evp 13,68,19,46,33,17,-7,-7,-2,20,-23,43,40,37,44,30,-6,-4,-1,0,0,-6,0,0,-21,-22,-35,-35,-21,-24,-31,-26,-30,-39,-53,-51,-87,-23,-195,-197,-225,-187,-209,-171,-279,-285,-231,-39,-29992,-734,-29993,-29994,-29994,692,-29995,-29996,-29996,-29997]} 1. e4 c6 2. d4 d5 3. Nd2 dxe4 4. Nxe4 Nd7 5. Nf3 Ngf6 6. Ng3 e6 7. Bd3 Bd6 8. c3 {B17: Caro-Kann: Modern Line (4...Nd7)} (8. O-O Qc7 9. Re1 O-O 10. Qe2 c5 11. c3 b6 12. Ne5 Bb7 13. Nh5 Nxh5 14. Qxh5 g6 15. Qe2 cxd4 16. cxd4 Nxe5 17. dxe5 Be7 18. Bh6 {½-½ (32) Barcenilla,R (2518)-Laylo,D (2528) Manila 2011}) 8... b6 9. Bd2 Bb7 10. Qe2 $146 {Hoping for Nf5.The position is equal.} ({Predecessor:} 10. Ne4 Nxe4 11. Bxe4 Nf6 12. Bd3 h6 13. Qe2 a6 14. O-O-O c5 15. dxc5 bxc5 {1-0 (35) Diaz,J-Kanyingi,J Elista 1998}) 10... Qc7 11. O-O-O O-O-O ({Better is} 11... c5 $11) 12. Rhe1 (12. Ng5 $5 {[%cal Rg5f7]} Rhf8 13. N3e4 $11 (13. Nxh7 Nxh7 14. Bxh7 g6 $15)) 12... c5 13. Kb1 h6 14. Ne4 Nxe4 15. Bxe4 Bxe4+ 16. Qxe4 Nf6 17. Qe2 c4 18. Bc1 b5 19. Nd2 Nd5 ({Wrong is} 19... Bxh2 $2 20. g3 $18) 20. g3 Kb7 21. Ne4 Be7 22. Qf3 Rhf8 23. Nd2 a5 24. Qe2 Qb6 ({Black should play} 24... a4 $17) 25. a4 $2 (25. Ka1 $11) 25... Rc8 $1 $19 ({Not} 25... bxa4 26. Ka1 $11) 26. Ka1 Rc7 27. axb5 Qxb5 28. Nf1 {[#]} (28. Ne4 $142) 28... Ra8 $1 29. Ne3 Nb4 $2 (29... Qa4+ $19 30. Kb1 {[#]} Nb4 $1 {[%mdl 512]} 31. cxb4 axb4 32. Nxc4 Rc6) 30. cxb4 $4 {[%mdl 8192]} (30. b3 $15 Nd3 31. Nxc4 Qxb3 32. Rxd3 Rxc4 33. Qb2 Qxb2+ 34. Kxb2) 30... axb4+ 31. Kb1 {[#]} Ra1+ $3 {[%mdl 512]} 32. Kxa1 Qa4+ 33. Kb1 b3 {[%csl Gb3][%cal Ra4a2]} 34. Qf3+ Kb8 {Precision: White = 36%, Black = 69%.} 0-1

[Event "Israel Team Ch Under 18"]
[Site "Jerusalem"]
[Date "2017.08.13"]
[Round "1"]
[White "Lahav, Michal"]
[Black "Levin, Guy"]
[Result "*"]
[WhiteElo "2140"]
[BlackElo "1901"]
[Annotator "TA"]
[PlyCount "34"]
[EventDate "2017.??.??"]
[EventType "swiss"]
[EventCountry "ISR"]
[SourceTitle "playchess.com"]
[Source "ChessBase"]
[SourceQuality "1"]

{[%evp 11,12,4,6]} 1. Nf3 c5 2. c4 Nc6 3. g3 g6 4. Bg2 Bg7 5. O-O e6 6. Nc3 Nge7 {LiveBook: 1111 Games} {Find the theoretical novelty and annotate with similar games:} 7. d3 $146 O-O 8. Bf4 d5 9. cxd5 Nxd5 10. Bg5 Qd7 11. Qd2 Re8 12. Rfd1 b6 13. Rac1 Bb7 14. Bh6 Bh8 15. e4 Nc7 16. Bh3 Ne5 17. Nxe5 Bxe5 {½-½ (41) Maghsoodloo,P (2575)-Vitiugov,N (2724) Moscow 2017} *

[Event "Israel Team Ch Under 18"]
[Site "Jerusalem"]
[Date "2017.08.13"]
[Round "1"]
[White "Milikow, Yoav"]
[Black "Levy, Zohar"]
[Result "1/2-1/2"]
[WhiteElo "2137"]
[BlackElo "1709"]
[Annotator "TA"]
[PlyCount "28"]
[EventDate "2017.??.??"]
[EventType "swiss"]
[EventCountry "ISR"]
[SourceTitle "playchess.com"]
[Source "ChessBase"]
[SourceQuality "1"]

{[%evp 13,28,46,52,-6,-2,-11,8,0,-5,-21,-2,-7,17,-52,-52,-39,-8]} 1. d4 Nf6 2. c4 c5 3. d5 b5 4. Qc2 bxc4 5. e4 d6 6. Bxc4 {A57: Benko/Volga Gambit} g6 7. Nc3 Bg7 {LiveBook: 20 Games} 8. f4 (8. Nf3 $14) (8. Nf3 Nbd7 9. h3 O-O 10. O-O Rb8 11. Re1 Nh5 12. Be2 Ne5 13. Nxe5 Bxe5 14. Bxh5 gxh5 15. Bh6 Re8 16. Qd2 Kh8 17. Bf4 Bd4 18. Be3 {0-1 (63) Dreev,A (2644)-Perunovic,M (2622) Berlin 2015}) 8... O-O 9. Nf3 Ba6 10. Bxa6 Nxa6 11. O-O (11. Qe2 $5 {[%cal Re2a6]} Nc7 12. O-O $11) 11... Nd7 $146 ({Find the theoretical novelty and annotate with similar games:} 11... Rb8 12. Qe2 {½-½ (49) Amanov,M (2479)-Abrahamyan,T (2290) Wheeling 2010}) 12. Qe2 Nc7 13. e5 (13. f5 $11) 13... Nb6 $15 14. Rd1 Qd7 1/2-1/2

[Event "Israel Team Ch Under 18"]
[Site "Jerusalem"]
[Date "2017.08.13"]
[Round "1"]
[White "Levi, Netanel"]
[Black "Niriev, Michael"]
[Result "1-0"]
[WhiteElo "2105"]
[BlackElo "1619"]
[Annotator "TA"]
[PlyCount "76"]
[EventDate "2017.??.??"]
[EventType "swiss"]
[EventCountry "ISR"]
[SourceTitle "playchess.com"]
[Source "ChessBase"]
[SourceQuality "1"]

{[%evp 14,76,31,0,4,-27,-22,-44,-39,-42,-18,-35,0,2,10,14,27,0,24,18,0,5,15,-3,0,0,26,19,44,58,52,30,31,38,79,83,104,101,101,108,108,110,284,265,338,133,539,496,1162,1131,1102,-710,-710,-810,-702,-760,0,-12830,-11347,-29991,-29992,-29994,-29993,-29993,-29992]} 1. e4 d6 2. d4 Nf6 3. Nc3 Nbd7 4. Nf3 e5 5. Bc4 Be7 6. O-O O-O 7. Re1 c6 8. dxe5 {LiveBook: 3 Games. C41: Philidor Defence} (8. a4 exd4 9. Nxd4 Ne5 10. Bf1 Re8 11. h3 Qc7 12. Bf4 Ng6 13. Bh2 Bf8 14. Qd2 Bd7 15. f4 Rad8 16. Kh1 c5 17. Nf3 Bc6 18. Nd5 Bxd5 19. exd5 {½-½ (35) Bacrot,E (2696)-Kunin,V (2551) Minsk 2017}) 8... dxe5 9. Bb3 Qc7 10. Bg5 {The position is equal.} Nc5 11. h3 $146 ({Predecessor:} 11. Bc4 b5 12. Bd3 Bg4 13. h3 Bh5 14. g4 Bg6 15. Nh4 {½-½ (51) Bagdasarian,S (1870)-Voshchenko,Y Anapa 2010}) 11... b5 12. a3 Nxb3 13. cxb3 Be6 14. Rc1 Rad8 (14... Rfd8 $5 {[%cal Rd8d1]} 15. Qc2 Rac8 $11) 15. Qe2 Qb8 (15... h6 $5 {[%cal Rh6g5]} 16. Bh4 Bxb3 $11) 16. Qc2 h6 17. Bh4 Rfe8 18. Rcd1 Rxd1 19. Nxd1 Qc7 20. Ne3 Nh5 21. Bxe7 Rxe7 22. Rc1 Nf4 23. Kh2 Bd7 24. Qc5 Be8 {White should prevent ...Nd3.} 25. Nd5 Nxd5 26. exd5 {[%cal Be4d5,Bd5c6][%mdl 32]} Rd7 {And now ...e4+ would win.} 27. dxc6 e4+ $2 (27... Re7 $16) 28. g3 Rd3 29. Qe5 $2 (29. Nd4 $1 $18) 29... Qc8 $2 {[%mdl 8192]} (29... Qxe5 $16 {is a better chance.} 30. Nxe5 Rd8) 30. Nd4 e3 (30... Rd2 $142 31. Kg1 Bd7 32. Nxb5 Bxh3) 31. Nf5 $18 {[%csl Gf5][%cal Re5g7]} f6 32. Qe7 $4 {[%mdl 8192]} (32. Qxb5 $18 Rd7 33. cxd7 Qxd7 34. Qxd7 Bxd7 35. Nxe3) 32... Qxf5 $19 33. Qxe8+ {[%mdl 4096] Endgame KQR-KQR} Kh7 34. Rf1 {[#]} Qf3 $2 $40 {[%mdl 128] White needs to defend precisely.} (34... Rd1 $1 $19 {[%cal Rd1f1][%mdl 512]} 35. Qxe3 (35. Rxd1 Qxf2+) 35... Rxf1) 35. Qe6 $2 {[%mdl 8192]} (35. c7 $11 exf2 36. c8=Q Qxg3+ 37. Kh1 Qf3+ 38. Kh2 Qf4+ 39. Kh1 Qf3+ 40. Kh2 Qf4+ 41. Kh1 Qf3+) 35... e2 ({Less strong is} 35... exf2 36. Qg4 $15) 36. Rg1 Qxf2+ {Black mates.} 37. Kh1 Qf3+ 38. Kh2 Rd1 {[%mdl 32768] Precision: White = 27%, Black = 31%. . Loss on Time!?} 1-0

[Event "Israel Team Ch Under 18"]
[Site "Jerusalem"]
[Date "2017.08.13"]
[Round "1"]
[White "Adar, Idan"]
[Black "Avisar, Yahav"]
[Result "0-1"]
[WhiteElo "2082"]
[BlackElo "1379"]
[Annotator "NA RC"]
[PlyCount "74"]
[EventDate "2017.??.??"]
[EventType "swiss"]
[EventCountry "ISR"]
[SourceTitle "playchess.com"]
[Source "ChessBase"]
[SourceQuality "1"]
[TimeControl "40/5400+30:1800+30"]

1. d3 {[%emt 0:40:15]} c5 {[%emt 0:40:46]} 2. g3 {[%emt 0:00:29]} Nc6 {[%emt 0:00:25]} 3. Bg2 {[%emt 0:00:28]} g6 {[%emt 0:00:31]} 4. Nf3 {[%emt 0:00:49]} Bg7 5. O-O {[%emt 0:00:48]} e5 {[%emt 0:01:01]} 6. e4 {[%emt 0:00:41]} Nge7 {[%emt 0:00:25]} 7. c4 {[%emt 0:04:42] LiveBook: 9 Games} O-O {[%emt 0:00:41]} 8. a3 {[%emt 0:01:28]} Rb8 $11 {[%emt 0:01:46]} 9. Be3 {[%emt 0:02:29]} d6 {[%emt 0:00:30]} 10. Nbd2 {[%emt 0:01:27]} a6 {[%emt 0:00:59]} 11. Nh4 {[%emt 0:01:21]} Kh8 {[%emt 0:04:11]} 12. Rb1 {[%emt 0:03:53]} h6 {[%emt 0:07:10]} 13. Nhf3 {[%emt 0:03:21]} f5 {[%emt 0:05:36]} 14. Nb3 {[%emt 0:01:29]} b5 {[%emt 0:01:38]} 15. Na1 {[%emt 0:05:08]} fxe4 {[%emt 0:04:07]} 16. dxe4 {[%emt 0:01:02]} bxc4 {[%emt 0:04:09]} 17. Qa4 {[%emt 0:03:22]} Be6 {[%emt 0:04:43]} 18. Nh4 {[%emt 0:01:46]} Qd7 19. Rfd1 {[%emt 0:05:46]} Nd4 {[%emt 0:07:11]} 20. Qxd7 {[%emt 0:01:54]} Bxd7 {[%emt 0:00:21]} 21. Bxd4 {[%emt 0:01:53]} cxd4 {[%emt 0:01:08]} 22. Bf1 {[%emt 0:01:38]} g5 {[%emt 0:03:13]} 23. Ng2 {[%emt 0:00:40]} Be6 {[%emt 0:00:38]} 24. Nc2 {[%emt 0:03:17]} Nc6 {[%emt 0:01:02]} 25. a4 {[%emt 0:02:32]} Rb3 {[%emt 0:03:11]} 26. Na1 {[%emt 0:01:58]} Rb4 {[%emt 0:02:25]} 27. b3 {[%emt 0:02:49]} cxb3 {[%emt 0:01:43]} 28. Bxa6 {[%emt 0:00:32]} Na5 {[%emt 0:01:29]} 29. Bb5 {[%emt 0:01:18]} Rc8 {[%emt 0:00:35]} 30. Ne1 {[%emt 0:01:15]} b2 {[%emt 0:01:23]} 31. Nac2 {[%emt 0:00:50]} Rb3 {[%emt 0:00:31]} 32. Rd3 {[%emt 0:01:32]} Rcc3 {[%emt 0:00:46]} 33. Kf1 {[%emt 0:01:56]} Bc4 {[%emt 0:01:39]} 34. Bxc4 {[%emt 0:00:25]} Nxc4 {[%emt 0:00:21]} 35. Rxc3 {[%emt 0:00:44]} dxc3 {[%emt 0:00:24]} 36. Na1 {[%emt 0:01:34]} Ra3 {[%emt 0:00:54]} 37. Nac2 {[%emt 0:00:40]} Nd2+ {[%emt 0:00:29]} 0-1

[Event "Israel Team Ch Under 18"]
[Site "Jerusalem"]
[Date "2017.08.13"]
[Round "1"]
[White "Zhimalov, Adam"]
[Black "Tamir, Roee"]
[Result "*"]
[WhiteElo "2036"]
[BlackElo "1661"]
[Annotator "NA RC"]
[PlyCount "69"]
[EventDate "2017.??.??"]
[EventType "swiss"]
[EventCountry "ISR"]
[SourceTitle "playchess.com"]
[Source "ChessBase"]
[SourceQuality "1"]
[TimeControl "40/5400+30:1800+30"]

1. d4 {[%emt 0:40:12]} Nf6 {[%emt 0:40:41]} 2. c4 {[%emt 0:00:27]} e6 {[%emt 0:00:21]} 3. Nc3 {[%emt 0:00:30]} Bb4 {[%emt 0:00:24]} 4. Qc2 {[%emt 0:00:25]} O-O {[%emt 0:00:46]} 5. Nf3 {[%emt 0:00:24]} Bxc3+ {[%emt 0:00:41]} 6. bxc3 {[%emt 0:01:56]} b6 {[%emt 0:01:14]} 7. e4 {[%emt 0:00:39]} Bb7 {[%emt 0:00:45]} 8. Bd3 {[%emt 0:00:28]} h6 {[%emt 0:00:48]} 9. O-O {[%emt 0:00:32]} d6 {[%emt 0:00:30]} 10. Rd1 $14 {[%emt 0:03:33]} Qe7 {[%emt 0:02:04]} 11. a4 {[%emt 0:04:48]} a5 {[%emt 0:00:46]} 12. Qe2 {[%emt 0:00:48]} Nbd7 {[%emt 0:02:30]} 13. Re1 {[%emt 0:05:25]} e5 {[%emt 0:01:10]} 14. Nh4 {[%emt 0:01:20]} Rfe8 {[%emt 0:03:34]} 15. Nf5 {[%emt 0:00:35]} Qd8 {[%emt 0:00:30]} 16. Qf3 {[%emt 0:03:34]} Nf8 {[%emt 0:02:00]} 17. Bd2 {[%emt 0:04:08]} Ng6 {[%emt 0:02:27]} 18. Bc2 {[%emt 0:03:19]} Bc6 {[%emt 0:01:23]} 19. Rad1 {[%emt 0:01:18]} Qc8 {[%emt 0:01:15]} 20. Nxh6+ {[%emt 0:00:52]} Kf8 {[%emt 0:01:34]} 21. Nf5 {[%emt 0:00:49]} Bd7 {[%emt 0:02:35]} 22. Bg5 {[%emt 0:02:09]} Nh7 {[%emt 0:04:27]} 23. Bc1 {[%emt 0:01:30]} Nf6 {[%emt 0:01:17]} 24. d5 {[%emt 0:06:41]} Qa6 {[%emt 0:01:07]} 25. Qd3 {[%emt 0:02:40]} Nh5 {[%emt 0:02:30]} 26. Qh3 {[%emt 0:01:53]} Bxf5 {[%emt 0:01:53]} 27. exf5 {[%emt 0:00:39]} Ngf4 {[%emt 0:00:35]} 28. Qf3 {[%emt 0:01:44]} Qxc4 {[%emt 0:04:03]} 29. g3 {[%emt 0:00:59]} Nh3+ {[%emt 0:01:26]} 30. Kg2 {[%emt 0:00:27]} Nf6 {[%emt 0:00:35]} 31. Kxh3 {[%emt 0:00:53]} Ke7 {[%emt 0:01:37]} 32. Kg2 {[%emt 0:00:31]} Kd7 {[%emt 0:00:50]} 33. Bd3 {[%emt 0:00:32]} Qxa4 {[%emt 0:00:50]} 34. Qe2 {[%emt 0:00:34]} Qg4 {[%emt 0:01:59]} 35. Bb5+ {[%emt 0:00:29]} *

[Event "Israel Team Ch Under 18"]
[Site "Jerusalem"]
[Date "2017.08.13"]
[Round "1"]
[White "Gorshtein, Asaf"]
[Black "Friedland, Moshe"]
[Result "0-1"]
[WhiteElo "1926"]
[BlackElo "2264"]
[Annotator "TA"]
[PlyCount "54"]
[EventDate "2017.??.??"]
[EventType "swiss"]
[EventCountry "ISR"]
[SourceTitle "playchess.com"]
[Source "ChessBase"]
[SourceQuality "1"]

{[%evp 27,54,0,0,0,0,0,0,-46,-33,-87,-84,-87,-91,-94,-97,-95,-97,-98,-35,-223,-205,-441,-435,-436,-435,-400,-416,-386,-336]} 1. e4 c5 2. Nf3 d6 3. d4 cxd4 4. Nxd4 Nf6 5. Nc3 a6 6. Be2 e5 7. Nb3 Be7 8. O-O O-O 9. Be3 Be6 10. Qd3 Nbd7 11. Nd5 Bxd5 12. exd5 Ne8 {B92: Sicilian Najdorf: 6 Be2} 13. Bg4 (13. a4 Bg5 14. a5 Bxe3 15. Qxe3 Nef6 16. c4 Rb8 17. Rfb1 Qc7 18. Nd2 b6 19. Nb3 Nc5 20. axb6 Rxb6 21. Nxc5 dxc5 {½-½ (59) Carlsen,M (2838)-Vachier Lagrave,M (2803) Karlsruhe 2017}) 13... g6 14. Bxd7 Qxd7 {LiveBook: 5 Games. The position is equal.} 15. f4 f5 16. c4 Nf6 17. Bb6 $146 ({Predecessor:} 17. fxe5 dxe5 18. Nc5 Bxc5 19. Bxc5 Rfe8 20. b4 {0-1 (45) Padmini,R (2441)-Adhiban,B (2627) Pune 2015}) 17... Rac8 18. Nd2 (18. fxe5 $15 dxe5 19. Rad1) 18... Rfe8 $17 19. b3 Bd8 20. Bxd8 Qxd8 21. Rae1 Qb6+ 22. Qe3 Qa5 (22... Qxe3+ $17 23. Rxe3 e4) 23. a4 $2 {[#]} (23. h3 $15) 23... Ng4 $19 24. Qd3 $2 (24. Qe2) 24... Qc5+ 25. Kh1 Nf2+ 26. Rxf2 Qxf2 27. Rf1 Qc5 {Precision: White = 42%, Black = 74%.} 0-1

[Event "Israel Team Ch Under 18"]
[Site "Jerusalem"]
[Date "2017.08.13"]
[Round "1"]
[White "Gerber, Nick"]
[Black "Kaspin, Ido"]
[Result "1/2-1/2"]
[WhiteElo "1909"]
[BlackElo "1396"]
[Annotator "NA RC"]
[PlyCount "102"]
[EventDate "2017.??.??"]
[EventType "swiss"]
[EventCountry "ISR"]
[SourceTitle "playchess.com"]
[Source "ChessBase"]
[SourceQuality "1"]
[TimeControl "40/5400+30:1800+30"]

1. d4 {[%emt 0:40:11]} d5 {[%emt 0:40:47]} 2. Nf3 {[%emt 0:00:30]} Nf6 {[%emt 0:00:26]} 3. c4 {[%emt 0:00:28]} e6 {[%emt 0:00:29]} 4. Bg5 {[%emt 0:00:51]} Nbd7 {[%emt 0:00:57]} 5. Nc3 {[%emt 0:00:28]} c6 {[%emt 0:01:58]} 6. e3 {[%emt 0:00:41]} Be7 {[%emt 0:01:39] LiveBook: 748 Games} 7. Rc1 {[%emt 0:01:46]} O-O {[%emt 0:00:31]} 8. Bd3 {[%emt 0:01:03]} dxc4 {[%emt 0:00:35]} 9. Bxc4 {[%emt 0:00:36]} b5 {[%emt 0:00:32]} 10. Bb3 {[%emt 0:02:16]} (10. Bd3 $14) 10... Bb7 {[%emt 0:00:52]} 11. O-O $11 {[%emt 0:01:23]} Rc8 {[%emt 0:02:24]} 12. Qe2 {[%emt 0:01:52]} a6 {[%emt 0:01:58]} 13. Rfd1 {[%emt 0:06:13]} Nd5 {[%emt 0:04:31]} 14. Bxe7 {[%emt 0:11:08]} Qxe7 {[%emt 0:01:01]} 15. a3 {[%emt 0:02:18]} b4 {[%emt 0:17:12]} 16. Nxd5 {[%emt 0:02:45]} cxd5 {[%emt 0:01:47]} 17. axb4 {[%emt 0:01:28]} Qxb4 {[%emt 0:00:54]} 18. Bc2 {[%emt 0:03:26]} Nf6 {[%emt 0:02:10]} 19. Ne5 {[%emt 0:02:37]} g6 {[%emt 0:05:00]} 20. Bd3 {[%emt 0:06:37]} a5 {[%emt 0:09:10]} 21. Bb5 {[%emt 0:06:29]} Rxc1 {[%emt 0:03:01]} 22. Rxc1 {[%emt 0:00:36]} Ne4 {[%emt 0:02:09]} 23. Rc7 {[%emt 0:02:47]} Nd6 {[%emt 0:00:51]} 24. Bd3 {[%emt 0:02:23]} Qa4 {[%emt 0:01:15]} 25. h3 {[%emt 0:00:45]} Rc8 {[%emt 0:00:32]} 26. Rxc8+ {[%emt 0:00:47]} Bxc8 {[%emt 0:00:24]} 27. Qf3 {[%emt 0:00:30]} Kg7 {[%emt 0:00:36]} 28. Ng4 {[%emt 0:00:36]} Ne8 {[%emt 0:00:34]} 29. Qf4 {[%emt 0:00:38]} Qd1+ {[%emt 0:00:26]} 30. Bf1 {[%emt 0:00:24]} Ba6 {[%emt 0:00:34]} 31. Nh2 {[%emt 0:00:33]} Bxf1 {[%emt 0:00:31]} 32. Nxf1 {[%emt 0:00:00]} Qa1 {[%emt 0:00:27]} 33. Qb8 {[%emt 0:00:00]} Nf6 {[%emt 0:00:25]} 34. Qb5 {[%emt 0:00:00]} Ne4 {[%emt 0:00:23]} 35. Qe2 {[%emt 0:00:52]} Qc1 {[%emt 0:00:40]} 36. Kh2 {[%emt 0:00:36]} a4 {[%emt 0:00:29]} 37. f3 {[%emt 0:00:45]} Nd6 {[%emt 0:00:36]} 38. Ng3 {[%emt 0:00:57]} Nc4 {[%emt 0:00:25]} 39. e4 {[%emt 0:00:53]} Qxb2 {[%emt 0:00:27]} 40. Qxb2 {[%emt 0:00:29]} Nxb2 {[%emt 0:30:23]} 41. Ne2 {[%emt 0:30:24]} Nd1 {[%emt 0:00:33]} 42. Nc1 {[%emt 0:00:38]} Nc3 {[%emt 0:00:25]} 43. e5 {[%emt 0:00:31]} a3 {[%emt 0:00:23]} 44. Kg3 {[%emt 0:00:35]} Ne2+ {[%emt 0:00:34]} 45. Nxe2 {[%emt 0:00:28]} a2 {[%emt 0:00:21]} 46. Nc3 {[%emt 0:00:30]} a1=Q {[%emt 0:00:24]} 47. Nb5 {[%emt 0:00:24]} Qb2 {[%emt 0:00:25]} 48. Nd6 {[%emt 0:00:31]} Qxd4 {[%emt 0:00:25]} 49. f4 {[%emt 0:00:22]} Qe3+ {[%emt 0:00:24]} 50. Kg4 {[%emt 0:00:24]} h5+ {[%emt 0:00:24]} 51. Kg5 {[%emt 0:00:30]} Qg3# {[%emt 0:00:21]} 1/2-1/2

[Event "Israel Team Ch Under 18"]
[Site "Jerusalem"]
[Date "2017.08.13"]
[Round "1"]
[White "Rozen, Eytan"]
[Black "Federovski, Yael"]
[Result "*"]
[WhiteElo "1819"]
[BlackElo "1614"]
[Annotator "NA RC"]
[PlyCount "27"]
[EventDate "2017.??.??"]
[EventType "swiss"]
[EventCountry "ISR"]
[SourceTitle "playchess.com"]
[Source "ChessBase"]
[SourceQuality "1"]
[TimeControl "40/5400+30:1800+30"]

{[%evp 21,27,12,3,32767,0,-12,18,0]} 1. e4 c5 2. c3 Nf6 3. e5 Nd5 4. d4 cxd4 5. Nf3 Nc6 6. cxd4 d6 7. Bc4 Nb6 8. Bb5 dxe5 9. Nxe5 Bd7 10. Nxd7 Qxd7 11. O-O e6 12. Nc3 Be7 13. Qg4 {LiveBook: 238 Games} Bf6 $11 14. Be3 *